All of the United Kingdom - Statistics

General Stats
  • This quiz has been taken 1,378 times
  • The average score is 15 of 21
Answers on the Map
Answers color-coded by a green-red scale on the quiz's map according to % correct below.
 
Answer Stats
Answers % Correct
England
99%
Northern Ireland
99%
Scotland
99%
Wales
99%
Isle of Man
91%
Gibraltar
89%
Falkland Islands
87%
Jersey
84%
Guernsey
82%
British Virgin Islands
78%
Bermuda
77%
Saint Helena, Ascension and Tristan da Cunha
61%
Cayman Islands
57%
South Georgia and the South Sandwich Islands
53%
Montserrat
51%
Turks and Caicos Islands
51%
Anguilla
50%
British Antarctic Territory
48%
Pitcairn Islands
43%
British Indian Ocean Territory
42%
Akrotiri and Dhekelia
36%
No matching quizzes found
Score Distribution
Percent of People with Each Score
Percentile by Number Answered
Your Score History
You have not taken this quiz